SDI, has America told her story to the world? : report of the Institute for Foreign Policy Analysis, Panel on Public Diplomacy /

Bibliographic Details
Corporate Author: Institute for Foreign Policy Analysis. Panel on Public Diplomacy
Other Authors: Godson, Dean
Format: Book
Language:English
Published: Washington : Pergamon-Brassey's International Defense Publishers, 1987.
Series:Special report (Institute for Foreign Policy Analysis)
Subjects:

MARC

Tag First Indicator Second Indicator Subfields
LEADER 00000cam a2200000 a 4500
001 in00000007557
005 20151005090031.0
008 870512s1987 dcu b 00010 eng
010 |a  87003454  
020 |a 0080359566 (pbk.) :  |c $9.95 
035 |a (OCoLC)15790834 
035 |9 AAA2052AM 
040 |a DLC  |c DLC  |d TXA  |d UtOrBLW 
043 |a n-us--- 
049 |a TXAM  |c [A12562536] 
050 0 0 |a UG743  |b .I56 1987 
082 0 |a 358/.1754  |2 19 
110 2 |a Institute for Foreign Policy Analysis.  |b Panel on Public Diplomacy. 
245 1 0 |a SDI, has America told her story to the world? :  |b report of the Institute for Foreign Policy Analysis, Panel on Public Diplomacy /  |c [written by] Dean Godson. 
264 1 |a Washington :  |b Pergamon-Brassey's International Defense Publishers,  |c 1987. 
300 |a xviii, 73 pages ;  |c 23 cm. 
336 |a text  |b txt  |2 rdacontent 
337 |a unmediated  |b n  |2 rdamedia 
338 |a volume  |b nc  |2 rdacarrier 
490 1 |a Special report 
500 |a "A publication of the Institute for Foreign Policy Analysis, Inc." 
504 |a Includes bibliographical references. 
650 0 |a Strategic Defense Initiative. 
700 1 |a Godson, Dean. 
830 0 |a Special report (Institute for Foreign Policy Analysis) 
999 |a MARS 
999 f f |s 856541bd-c205-38b6-9e6f-a6a8fa327184  |i d57e42e9-8451-3250-876c-c579bd4a17cd  |t 0 
952 f f |p ric  |a Texas A&M University  |b Rellis Campus  |c Joint Library Facility  |d Remote Storage  |t 0  |e UG743 .I56 1987  |h Library of Congress classification  |i unmediated -- volume  |m A14812562536 
998 f f |a UG743 .I56 1987  |t 0  |l Remote Storage